Voodoo 0s/2 (Record no. 254218)

MARC details
000 -LEADER
fixed length control field 00335pam a2200157a 44500
008 - FIXED-LENGTH DATA ELEMENTS--GENERAL INFORMATION
fixed length control field 230405s1993 xxu||||| |||| 00| 0 eng d
041 ## - LANGUAGE CODE
Language code of text/sound track or separate title ENG
100 ## - MAIN ENTRY--PERSONAL NAME
Personal name Allen G.Taylor
245 ## - TITLE STATEMENT
Title Voodoo 0s/2
250 ## - EDITION STATEMENT
Edition statement 1
260 ## - PUBLICATION, DISTRIBUTION, ETC.
Place of publication, distribution, etc.
Name of publisher, distributor, etc. Ventana Press
Date of publication, distribution, etc. 1993
300 ## - PHYSICAL DESCRIPTION
Extent 264p,23cms
440 ## - SERIES STATEMENT/ADDED ENTRY--TITLE
Title 898
690 ## - LOCAL SUBJECT ADDED ENTRY--TOPICAL TERM (OCLC, RLIN)
Topical term or geographic name as entry element IMRDA
906 ## - LOCAL DATA ELEMENT F, LDF (RLIN)
a 1359
Holdings
Withdrawn status Lost status Damaged status Not for loan Collection Home library Current library Date acquired Total Checkouts Barcode Date last seen Price effective from Koha item type
          Institute of Management & Rural Development Administration, Sangli Institute of Management & Rural Development Administration, Sangli 10/03/1997   RDS-2094 14/04/2023 14/04/2023 Book